Quel pays en Amérique ? - Statistiques

Statistiques générales
  • Ce quiz a été pris 98 fois
  • Le résultat moyen est 20 sur 21
Statistiques - réponses
Quel pays d'Amérique Lettre Pays % Correct
...est nommé comme une ligne séparant deux hémisphères E Équateur
100%
...à pour spécialité les Tacos et les Enchiladas M Mexique
100%
...a gagné 2 fois la Coupe du monde de football U Uruguay
100%
...accueille chaque année le Super Bowl E U États-Unis
99%
...fut dirigé par Hugo Chavez V Venezuela
98%
...est le plus grand pays en superficie du continent C Canada
97%
...a pour sportifs connu Juan Pablo Montoya ou Egan Bernal C Colombie
97%
...à été frappé par un violent séisme en 2010 H Haïti
97%
...à 5 étoiles bleues sur son drapeau H Honduras
97%
...est connu pour son canal P Panama
97%
...se situe la prison de Guantanamo C Cuba
96%
...à une capitale constitutionnelle riche en glucose d'après son nom B Bolivie
93%
...à le Chubut comme nom de province A Argentine
92%
...parle le néerlandais comme langue officielle S Suriname
91%
...inscrit 13 sites au patrimoine mondial de l'UNESCO en 2021 P Pérou
90%
...à Ordem e Progresso comme devise B Brésil
88%
...célèbre sa fête nationale le 21 septembre B Belize
87%
...à pour capitale Roseau D Dominique
87%
...à l'anagramme de la capitale colombienne dans son nom T T Trinité-et-Tobago
83%
...est rattaché à l'île de Pâques et a ses Moaïs C Chili
82%
...à pour capitale, le même nom qu'une préfecture de France S C N Saint-Christophe et Nièves
82%
Aucun quiz correspondant
Distribution des résultats
% des personnes avec chaque résultat
Percentile par nombre de réponses
Votre historique - résultats
Vous n’avez pas pris ce quiz